000 00504nam a22001697a 4500
005 20251108165340.0
008 250721s1989 xx 000 0 ara d
082 1 4 _a956.93/هند
100 1 _aالشريف، هندي محمد
245 1 0 _aالرؤوس المقطوعة :
_bيحيى بن زكريا- الزبير بن العوام /
264 1 _aعمان :
_bالمؤلف،
_c1989.
300 _a131ص
650 1 7 _aاليهود
650 1 7 _aالتاريخ
942 _2ddc
_cBK
999 _c25719
_d25719